00771nam a2200205 a 4500008004100000020002400041245016300065260005200228300002600280440004200306504004100348650002600389650002500415650003800440650004000478700002000518003000100538005001700539040000900556  a0521482712 (cased.)00aGeometry of constrained dynamical systems :bproceedings of a conference held at the Isaac Newton Institute, Cambridge, June 1994 /cedited by John M. Charap. aCambridge :bCambridge University Press,c1995. axiv, 335 p. ;c24 cm. 0aPublications of the Newton Institute. aIncludes bibliographical references. 0aGeometryvCongresses. 0aGravityvCongresses. 0aQuantum field theoryvCongresses. 0aGauge fields (Physics)vCongresses.1 aCharap, John M.20230123133209.0 cNUST